50 films à remplir : 2004 - Statistiques

Statistiques générales
  • Ce quiz a été pris 226 fois
  • Le résultat moyen est 35 sur 50
Statistiques - réponses
Hint Réponse % Correct
... l'éponge, le film Bob
96%
... Bill : Volume 2 Kill
95%
Million ... Baby Dollar
93%
Harry Potter et le ... d'Azkaban Prisonnier
93%
... Indestructibles Les
91%
Le ... d'après Jour
90%
Les Onze ... Commandements
89%
...!!! RRRrrrr
89%
...-Man 2 Spider
88%
... & Hutch Starsky
88%
Un long ... de fiançailles Dimanche
86%
36 quai des ... Orfèvres
85%
Le ... de l'opéra Fantôme
84%
... de requins Gang
84%
Les ... Choristes
83%
Les ... Aventures des orphelins Baudelaire Désastreuses
82%
Scooby-Doo 2 : Les ... se déchainent Monstres
82%
Ocean's ... Twelve
82%
... vs. Predator Alien
80%
Le ... ambulant Château
79%
Benjamin Gates et le Trésor des ... Templiers
79%
... Frères Deux
78%
Le ... Express Pôle
77%
La ... dans la peau Mort
76%
Eternal ... of the Spotless Mind Sunshine
76%
Le Roi ... Arthur
72%
Man on ... Fire
70%
Van ... Helsing
66%
La ... du Christ Passion
65%
I, ... Robot
65%
... au poing Vipère
65%
... et Amnésie Amour
63%
L'Âge de ... Raison
62%
L'Enquête ... Corse
61%
L'armée des ... Morts
59%
... 2 Shrek
59%
... (avec Leonardo DiCaprio) Aviator
58%
... Kung-Fu Crazy
56%
Le Manoir hanté et les ... Fantômes 999
55%
... of the Dead Shaun
55%
Les Rivières pourpres 2 : Les ... de l'apocalypse Anges
54%
... : Le film Garfield
54%
Fahrenheit ... 9/11
51%
Le Dernier ... Trappeur
51%
Team ... : Police du monde America
50%
Before ... Sunset
49%
Layer ... Cake
39%
... Night Lights Friday
37%
... ("Décadence" au Québec) Saw
27%
... Dynamite Napoleon
15%
Aucun quiz correspondant
Distribution des résultats
% des personnes avec chaque résultat
Percentile par nombre de réponses
Votre historique - résultats
Vous n’avez pas pris ce quiz